000 03495nam a22002417a 4500
003 UA-OsUOA
005 20211006123256.0
008 211006b un ||||| |||| 00| 0 ukr d
040 _aUA-OsUOA
_bukr
_cUA-OsUOA
_dUA-OsUOA
041 _aukr
080 _a81'1'23'42:811.581:[398.8(=581):177.61](043.3)
090 _a81'1'23'42:811.581:[398.8(=581):177.61](043.3)
095 _a10.02.13
_bмови народів Азії. Африки. аборигенних народів Америки та Австралії
100 _aРакітіна М. І.
245 _aДіахронні виміри лінгвокультурного концепту любов (на матеріалі китайських народних пісень)
_cРакітіна Марія Ігорівна ; наук. керівник Наумовська Олеся Владиславівна
260 _aКиїв
_c2021
300 _a19 с.
502 _6Автореферат дисертації на здобуття наукового ступеня кандидата філологічних наук
_cКиївський національний університет імені Тараса Шевченка
_d2021
520 _aДисертацію присвячено дослідженню лінгвокультурного концепту ЛЮБОВ на матеріалі китайських народних пісень, а також теоретичних засад лінгвокультурології та когнітивної лінгвістики. Виділені такі засадничі складники, як мовна картина світу та концепт, вивчення яких дозволяє декодувати культурну та історичну інформацію, що міститься у мовних структурах. Досліджено пісенну традицію Китаю, зокрема народні пісні на різних етапах їхнього існування. Дослідницьку увагу зосереджено на важливій когнітивній функції китайських народних пісень, а також на їхній естетичній та комунікативній функціях (розважального інструменту та “соціального дзеркала” у суспільстві епохи Чжао, Хань та Південних і Північних династій). Виділено основні етапи становлення і побутування китайських народних пісень, а також окреслено притаманні їм характер та тематика. Одним з основних морально-етичних концептів, що мали вплив на формування поведінкових реалій китайського етносу визначено лінгвокультурний концепт ЛЮБОВ. Окреслено склад цього концепту та його місце в концептосфері етноментальності китайців, проаналізовано його лексичний та образно-символічний складники.
650 _2UDC
_a81 Лінгвістика. Мовознавство. Мови
942 _2udc
_cAR
955 _a1
999 _c571523
_d571523